000 00485nam a22001817a 4500
003 CEME
005 20210628205633.0
008 210309b xxu||||| |||| 00| 0 eng d
020 _a0-412-49220-2
040 _c.
082 _a519.2 MET
100 _aMetcalfe, Andrew.V
_939492
245 _aStatistics in engineering a practical approach
260 _aLONDON
_bCHAPMAN & HALL
_c1996
300 _a446P
650 _aPROBABILITY IN ENGINEERING DECISIONS
_976392
942 _cBK
_2ddc
999 _c581784
_d581784